Dataset Open Access
Kluge, Thomas;
Hirsch, Arthur Emmanuel;
Schulz, Jannis;
Czapla, Nick;
Frost, Mungo;
Galtier, Eric;
Gauthier, Maxence;
Grenzer, Jörg;
Gutt, Christian;
Huang, Lingen;
Hübner, Uwe;
Ikeya, Megan;
Ja Lee, Hae;
Khaghani, Dimitri;
Moon Martin, Willow;
Edward Marré, Brian;
Nakatsutsumi, Motoaki;
Ordyna, Pawel;
Paschke-Brühl, Franziska-Luise;
Pelka, Alexander;
Randolph, Lisa;
Schlenvoigt, Hans-Peter;
Schoenwaelder, Christopher;
Smid, Michal;
Yang, Long;
Schramm, Ulrich;
Cowan, Thomas
<?xml version='1.0' encoding='UTF-8'?>
<record xmlns="http://www.loc.gov/MARC21/slim">
<leader>00000nmm##2200000uu#4500</leader>
<datafield tag="650" ind1="1" ind2="7">
<subfield code="a">cc-by</subfield>
<subfield code="2">opendefinition.org</subfield>
</datafield>
<datafield tag="856" ind1="4" ind2=" ">
<subfield code="s">17431919</subfield>
<subfield code="u">https://rodare.hzdr.de/record/4557/files/Logbook MEC L-10388.xlsx</subfield>
<subfield code="z">md5:61952286622c1887e17e2591f51d2368</subfield>
</datafield>
<datafield tag="856" ind1="4" ind2=" ">
<subfield code="s">1747357998</subfield>
<subfield code="u">https://rodare.hzdr.de/record/4557/files/MXI.pkl</subfield>
<subfield code="z">md5:4c5568e152e0c926d459d69a72bdcf83</subfield>
</datafield>
<datafield tag="856" ind1="4" ind2=" ">
<subfield code="s">144523429</subfield>
<subfield code="u">https://rodare.hzdr.de/record/4557/files/SAXS.pkl</subfield>
<subfield code="z">md5:ab095414b010ec325ee735345bd1d127</subfield>
</datafield>
<datafield tag="980" ind1=" " ind2=" ">
<subfield code="a">dataset</subfield>
</datafield>
<controlfield tag="005">20260311134022.0</controlfield>
<datafield tag="542" ind1=" " ind2=" ">
<subfield code="l">open</subfield>
</datafield>
<datafield tag="909" ind1="C" ind2="O">
<subfield code="o">oai:rodare.hzdr.de:4557</subfield>
<subfield code="p">openaire_data</subfield>
<subfield code="p">user-rodare</subfield>
</datafield>
<datafield tag="700" ind1=" " ind2=" ">
<subfield code="a">Hirsch, Arthur Emmanuel</subfield>
<subfield code="0">(orcid)0009-0004-8609-9511</subfield>
</datafield>
<datafield tag="700" ind1=" " ind2=" ">
<subfield code="a">Schulz, Jannis</subfield>
</datafield>
<datafield tag="700" ind1=" " ind2=" ">
<subfield code="a">Czapla, Nick</subfield>
<subfield code="u">SLAC</subfield>
</datafield>
<datafield tag="700" ind1=" " ind2=" ">
<subfield code="a">Frost, Mungo</subfield>
<subfield code="u">SLAC</subfield>
</datafield>
<datafield tag="700" ind1=" " ind2=" ">
<subfield code="a">Galtier, Eric</subfield>
<subfield code="u">SLAC</subfield>
</datafield>
<datafield tag="700" ind1=" " ind2=" ">
<subfield code="a">Gauthier, Maxence</subfield>
<subfield code="u">SLAC</subfield>
</datafield>
<datafield tag="700" ind1=" " ind2=" ">
<subfield code="a">Grenzer, Jörg</subfield>
</datafield>
<datafield tag="700" ind1=" " ind2=" ">
<subfield code="a">Gutt, Christian</subfield>
<subfield code="u">Universität Siegen</subfield>
</datafield>
<datafield tag="700" ind1=" " ind2=" ">
<subfield code="a">Huang, Lingen</subfield>
<subfield code="0">(orcid)0000-0003-1184-2097</subfield>
</datafield>
<datafield tag="700" ind1=" " ind2=" ">
<subfield code="a">Hübner, Uwe</subfield>
<subfield code="u">Leibniz Institute of Photonic Technology, Jena</subfield>
</datafield>
<datafield tag="700" ind1=" " ind2=" ">
<subfield code="a">Ikeya, Megan</subfield>
<subfield code="u">SLAC</subfield>
</datafield>
<datafield tag="700" ind1=" " ind2=" ">
<subfield code="a">Ja Lee, Hae</subfield>
<subfield code="u">SLAC</subfield>
</datafield>
<datafield tag="700" ind1=" " ind2=" ">
<subfield code="a">Khaghani, Dimitri</subfield>
<subfield code="u">SLAC</subfield>
</datafield>
<datafield tag="700" ind1=" " ind2=" ">
<subfield code="a">Moon Martin, Willow</subfield>
<subfield code="u">SLAC</subfield>
</datafield>
<datafield tag="700" ind1=" " ind2=" ">
<subfield code="a">Edward Marré, Brian</subfield>
</datafield>
<datafield tag="700" ind1=" " ind2=" ">
<subfield code="a">Nakatsutsumi, Motoaki</subfield>
<subfield code="u">EuropeanXFEL</subfield>
</datafield>
<datafield tag="700" ind1=" " ind2=" ">
<subfield code="a">Ordyna, Pawel</subfield>
<subfield code="0">(orcid)0009-0007-5067-7326</subfield>
</datafield>
<datafield tag="700" ind1=" " ind2=" ">
<subfield code="a">Paschke-Brühl, Franziska-Luise</subfield>
<subfield code="0">(orcid)0009-0001-0047-1051</subfield>
</datafield>
<datafield tag="700" ind1=" " ind2=" ">
<subfield code="a">Pelka, Alexander</subfield>
<subfield code="0">(orcid)0009-0001-3308-5376</subfield>
</datafield>
<datafield tag="700" ind1=" " ind2=" ">
<subfield code="a">Randolph, Lisa</subfield>
<subfield code="u">Universität Siegen</subfield>
</datafield>
<datafield tag="700" ind1=" " ind2=" ">
<subfield code="a">Schlenvoigt, Hans-Peter</subfield>
<subfield code="0">(orcid)0000-0003-4400-1315</subfield>
</datafield>
<datafield tag="700" ind1=" " ind2=" ">
<subfield code="a">Schoenwaelder, Christopher</subfield>
<subfield code="u">SLAC</subfield>
</datafield>
<datafield tag="700" ind1=" " ind2=" ">
<subfield code="a">Smid, Michal</subfield>
<subfield code="0">(orcid)0000-0002-7162-7500</subfield>
</datafield>
<datafield tag="700" ind1=" " ind2=" ">
<subfield code="a">Yang, Long</subfield>
</datafield>
<datafield tag="700" ind1=" " ind2=" ">
<subfield code="a">Schramm, Ulrich</subfield>
<subfield code="0">(orcid)0000-0003-0390-7671</subfield>
</datafield>
<datafield tag="700" ind1=" " ind2=" ">
<subfield code="a">Cowan, Thomas</subfield>
<subfield code="0">(orcid)0000-0002-5845-000X</subfield>
</datafield>
<datafield tag="520" ind1=" " ind2=" ">
<subfield code="a">Raw data for publication of "Microscopy X-ray Imaging enriched with Small Angle X-ray Scattering for few nanometer resolution reveals shock waves and compression in intense short pulse laser irradiation of solids" in Frontiers of Physics (2026)
The data is contained as pkl files. Use python module pickle to read.</subfield>
</datafield>
<datafield tag="100" ind1=" " ind2=" ">
<subfield code="a">Kluge, Thomas</subfield>
<subfield code="0">(orcid)0000-0003-4861-5584</subfield>
</datafield>
<controlfield tag="001">4557</controlfield>
<datafield tag="024" ind1=" " ind2=" ">
<subfield code="a">10.14278/rodare.4557</subfield>
<subfield code="2">doi</subfield>
</datafield>
<datafield tag="260" ind1=" " ind2=" ">
<subfield code="c">2026-03-10</subfield>
</datafield>
<datafield tag="245" ind1=" " ind2=" ">
<subfield code="a">Data publication: Microscopy X-ray Imaging enriched with Small Angle X-ray Scattering for few nanometer resolution reveals shock waves and compression in intense short pulse laser irradiation of solids</subfield>
</datafield>
<datafield tag="653" ind1=" " ind2=" ">
<subfield code="a">high power laser</subfield>
</datafield>
<datafield tag="653" ind1=" " ind2=" ">
<subfield code="a">ion acceleration</subfield>
</datafield>
<datafield tag="653" ind1=" " ind2=" ">
<subfield code="a">physics</subfield>
</datafield>
<datafield tag="653" ind1=" " ind2=" ">
<subfield code="a">plasma</subfield>
</datafield>
<datafield tag="653" ind1=" " ind2=" ">
<subfield code="a">shock formation</subfield>
</datafield>
<datafield tag="980" ind1=" " ind2=" ">
<subfield code="a">user-rodare</subfield>
</datafield>
<datafield tag="773" ind1=" " ind2=" ">
<subfield code="a">https://www.hzdr.de/publications/Publ-43111</subfield>
<subfield code="i">isIdenticalTo</subfield>
<subfield code="n">url</subfield>
</datafield>
<datafield tag="773" ind1=" " ind2=" ">
<subfield code="a">https://www.hzdr.de/publications/Publ-43110</subfield>
<subfield code="i">isReferencedBy</subfield>
<subfield code="n">url</subfield>
</datafield>
<datafield tag="773" ind1=" " ind2=" ">
<subfield code="a">10.14278/rodare.4556</subfield>
<subfield code="i">isVersionOf</subfield>
<subfield code="n">doi</subfield>
</datafield>
<datafield tag="540" ind1=" " ind2=" ">
<subfield code="u">https://creativecommons.org/licenses/by/4.0/legalcode</subfield>
<subfield code="a">Creative Commons Attribution 4.0 International</subfield>
</datafield>
</record>
| All versions | This version | |
|---|---|---|
| Views | 131 | 131 |
| Downloads | 73 | 73 |
| Data volume | 55.0 GB | 55.0 GB |
| Unique views | 127 | 127 |
| Unique downloads | 70 | 70 |